00862nam a2200265 i 4500001000700000003000900007005001700016007000300033008004100036020001800077080002200095080002400117100002500141245011300166260003000279300002200309490002000331500004300351650004600394650005500440700002400495700002400519830002000543852003300563106402ES-MaACL20250708022753.0t|061110s1996 fr ||||1| fre d a2-02-028140-6 a784.4.036(44)"19" a929(44)"19":78(038)1 aBrunschwig, Chantal.10aCents ans de chanson française b: 1880-1980 / cChantal Brunschwig, Louis-Jean Calvet, Jean-Claude Klein. aParis : bSeuil, c[1996] a443 p. ; c18 cm.1 aPoints. Actuels aBiblioteca Jacinto Martínez Lacalle.14aCanciones francesas-yS.XX-vDiccionarios14aCantantes-zFrancia-xBiografías-vDiccionarios.1 aCalvet, Louis-Jean.1 aKlein, Jean-Claude.0 aPoints. Actuels aES-MaACLjE-11388 bR.139130